The ugly vegetables / (Record no. 4784)

MARC details
000 -LEADER
fixed length control field 00985nam a22003017a 4500
001 - CONTROL NUMBER
control field 4784
003 - CONTROL NUMBER IDENTIFIER
control field FISKH
005 - DATE AND TIME OF LATEST TRANSACTION
control field 20250505083038.0
008 - FIXED-LENGTH DATA ELEMENTS--GENERAL INFORMATION
fixed length control field 241014b cb ||||| |||| 00| 0 eng d
020 ## - INTERNATIONAL STANDARD BOOK NUMBER
International Standard Book Number 9780545300377
040 ## - CATALOGING SOURCE
Original cataloging agency FISKH
Language of cataloging eng
Transcribing agency FISKH
Modifying agency FISKH
050 ## - LIBRARY OF CONGRESS CALL NUMBER
Classification number PZ7.L644
082 ## - DEWEY DECIMAL CLASSIFICATION NUMBER
Classification number 823.914
100 ## - MAIN ENTRY--PERSONAL NAME
Personal name Lin, Grace
Dates associated with a name (1974-)
245 ## - TITLE STATEMENT
Title The ugly vegetables /
Statement of responsibility, etc. Grace Lin
250 ## - EDITION STATEMENT
Edition statement 1999
260 ## - PUBLICATION, DISTRIBUTION, ETC.
Place of publication, distribution, etc. New York :
Name of publisher, distributor, etc. Scholastic,
Date of publication, distribution, etc. 1999.
300 ## - PHYSICAL DESCRIPTION
Extent 28 pages :
Other physical details Color Illustrations ;
Dimensions 21 cm
505 ## - FORMATTED CONTENTS NOTE
Formatted contents note L<br/>
520 ## - SUMMARY, ETC.
Summary, etc. A little girl thinks her mother's garden is the ugliest in the neighborhood until she discovers that flowers might look and smell pretty but Chinese vegetable soup smells best of all. Includes a recipe.
521 8# - TARGET AUDIENCE NOTE
Target audience note 520L<br/>
Source Lexile<br/>
521 8# - TARGET AUDIENCE NOTE
Target audience note L<br/>
Source Raz-Plus<br/>
650 ## - SUBJECT ADDED ENTRY--TOPICAL TERM
Source of heading or term Vegetables
Topical term or geographic name entry element Asian American
650 ## - SUBJECT ADDED ENTRY--TOPICAL TERM
Source of heading or term Neighbors
Topical term or geographic name entry element Garden
Form subdivision Flowers
700 ## - ADDED ENTRY--PERSONAL NAME
Personal name M.Earley, Diane
Dates associated with a name Illustrator
942 ## - ADDED ENTRY ELEMENTS (KOHA)
Source of classification or shelving scheme Dewey Decimal Classification
Koha item type Books
Suppress in OPAC No
Holdings
Withdrawn status Lost status Source of classification or shelving scheme Damaged status Not for loan Collection Home library Current library Shelving location Date acquired Total Checkouts Full call number Barcode Date last seen Copy number Price effective from Koha item type
    Dewey Decimal Classification     Fiction Footprints International School Library Network Toul Kork Campus Footprints International School Library Network Toul Kork Campus TK Primary Library Room(4th Floor), Bookcase 3&4, Shelves 17-32, Yellow Books 10/14/2024   LIN 823.914 PZ7.L644 2024-2137 10/14/2024 1 10/14/2024 Books
    Dewey Decimal Classification     Fiction Footprints International School Library Network Toul Kork Campus Footprints International School Library Network Toul Kork Campus TK Primary Library Room(4th Floor), Bookcase 3&4, Shelves 17-32, Yellow Books 10/14/2024   LIN 823.914 PZ7.L644 FISTK02266 05/05/2025 2 10/14/2024 Books